header

English postcoloniality (Record no. 21537)

MARC details
000 -LEADER
fixed length control field 01603nam a2200373 a 4500
082 04 - DEWEY DECIMAL CLASSIFICATION NUMBER
Classification number 820.9/9171241
245 00 - TITLE STATEMENT
Title English postcoloniality
260 ## - PUBLICATION, DISTRIBUTION, ETC. (IMPRINT)
Place of publication Westport, Conn. :
Name of publisher Greenwood Press,
Year of publication 1996.
300 ## - PHYSICAL DESCRIPTION
Number of Pages viii, 216 p.
490 1# - SERIES STATEMENT
Series statement Contributions to the study of world literature,
650 #0 - SUBJECT ADDED ENTRY--TOPICAL TERM
Topical Term Commonwealth literature (English)
Topical Term Indigenous peoples in literature.
Topical Term Decolonization in literature.
700 1# - ADDED ENTRY--PERSONAL NAME
Personal name Mohanram, Radhika.
Personal name Gita Rajan,
856 40 - ELECTRONIC LOCATION AND ACCESS
Uniform Resource Identifier http://site.ebrary.com/lib/rucke/Doc?id=5007296

No items available.

© 2026 Rongo University
Contact us: librarian | system librarian | Rongo university